000
00207 a2200097 4500
001
1497
100
_a
Addison, H.
245
_a
Centriguagal & other roldynawic
260
_a
_b
Chapman
_c
090
_c
1039
_d
1039
942
_a
NUST-CAE
_c
M
_c
436
999
_c
236570
_d
236570